| 000 | 00419nam a2200181Ia 4500 | ||
|---|---|---|---|
| 001 | 24787 | ||
| 005 | 20260414151106.0 | ||
| 008 | 260414t9999||||xx |||||||||||||| ||spa|| | ||
| 041 | _aESP | ||
| 082 |
_a346 _bA32 |
||
| 100 |
_aAguila Grados, Guido _eAUT |
||
| 245 | 0 |
_aEl abc del derecho civil _b |
|
| 260 | _c0 | ||
| 300 |
_a438 páginas : _c24 cm. |
||
| 650 | _aDER | ||
| 654 | _aCDE | ||
| 942 |
_cLIB _dJUS _fJUS _2ddc _n |
||
| 999 |
_c24787 _d24787 |
||